Lean Manufacturing: La evidencia de una necesidad / Manuel Rajadell Carreras, José Luis S nchez García (Registro nro. 27437)
[ vista simple ]
| 000 -LÍDER | |
|---|---|
| fixed length control field | 00590nam a2200169 4500 |
| 020 ## - NÚMERO INTERNACIONAL NORMALIZADO PARA LIBROS | |
| ISBN | 978-84-7978-967-1 |
| 050 ## - SIGNATURA TOPOGRAFICA DE LA BIBLIOTECA DEL CONGRESO (LC) | |
| Número de Clasificación | TS155 R35 2010 |
| 082 ## - NUMERO DE CLASIFICACION DECIMAL DEWEY | |
| Número de Clasificación | 650.5 R111l 2010 |
| 100 ## - ASIENTO PRINCIPAL--NOMBRE PERSONAL | |
| Nombre personal | Rajadell Carreras, Manuel |
| 245 ## - TÍTULO | |
| Título | Lean Manufacturing: La evidencia de una necesidad / Manuel Rajadell Carreras, José Luis S nchez García |
| 250 ## - MENCIÓN DE EDICIÓN | |
| Mención de edición | 1 |
| 260 ## - PUBLICACIÓN, DISTRIBUCIÓN, ETC. (PIE DE IMPRENTA) | |
| Lugar de publicación, distribución, etc. | España: Díaz de Santos |
| 300 ## - DESCRIPCIÓN FÍSICA | |
| Extensión | xii,260 p. / 24 cm. |
| 500 ## - NOTA GENERAL | |
| Nota general | Incluye Glosario pag. 245 |
| 650 ## - ASIENTO SECUNDARIO DE MATERIA - TERMINO TEMÁTICO | |
| Término temático o nombre geográfico como elemento de entrada | I. ADMINISTRACIÓN DE LA PRODUCCIÓN / 2. COSTOS DE PRODUCCIÓN |
| 700 ## - ASIENTO SECUNDARIO - NOMBRE PERSONAL | |
| Nombre personal | I. S nchez García, José Luis, Coaut. |
| No. biblioteca | No. biblioteca | Número de clasificación | Código de barras/Número de adquisición | Número de copia | Tipo de material |
|---|---|---|---|---|---|
| AREA DE ADMINISTRACIÓN | AREA DE ADMINISTRACIÓN | 650.5 R111l 2010 | 52193 | 2 | Libros |
| AREA DE ADMINISTRACIÓN | AREA DE ADMINISTRACIÓN | 650.5 R111l 2010 | 52865 | 4 | Libros |
| AREA DE ADMINISTRACIÓN | LUIS G. INCLAN | 650.5 R111l 2010 | 52192 | 1 | Libros |
| AREA DE ADMINISTRACIÓN | LUIS G. INCLAN | 650.5 R111l 2010 | 52194 | 3 | Libros |
| ÁREA DE INDUSTRIAL | ÁREA DE INDUSTRIAL | 650.5 R111l 2010 | 52877 | 5 | Libros |
